Guess all CupcakKe songs - Statistics

General Stats
  • This quiz has been taken 49 times
  • The average score is 23 of 118
Answer Stats
Answer % Correct
Vagina
81%
Cpr
78%
Deepthroat
78%
Squidward Nose
62%
Backstage Passes
51%
Lgbt
51%
Pedophile
51%
Duck Duck Goose
43%
Queef
43%
Little Red Riding Good
41%
Dora
38%
Spider-Man Dick
38%
Dui
35%
Spoiled Milk Titties
35%
A.U.T.I.S.M
32%
Cody
32%
Connect 4
32%
Cruella
32%
Doggy Style
32%
Water Balloon
32%
Aura
30%
Marge Simpson
30%
Best Dick Sucker
27%
Juicy Coochie
27%
Whoregasm
27%
Crayons
24%
Discounts
24%
Nun Nun
24%
Rock Paper Scissors
24%
Typo
24%
Cartoons
22%
Dementia
22%
Garfield
22%
Quiz
22%
Blackjack
19%
Cumshot
19%
Dangled
19%
H2Hoe
19%
Moonwalk
19%
PetSmart
19%
Picking Cotton
19%
Pinocchio
19%
Yawn
19%
33rd
16%
Biggie Smalls
16%
Budget
16%
Cereal and Water
16%
Cool Fuck
16%
Distraction
16%
Fabric
16%
Lawd Jesus
16%
Motherlands
16%
O.C.D
16%
Odd
16%
Opportunity
16%
Prenup
16%
Quick Thought
16%
Reality, Pt. 3
16%
Scraps
16%
Starbucks
16%
Ace Hardware
14%
Ayesha
14%
Barcodes
14%
Cinnamon Toast Crunch
14%
Civilized
14%
Cock a Doodle Doo
14%
Don't Post Me
14%
Elephant
14%
Exit
14%
Grilling N*****s
14%
Gum
14%
Homework Intro
14%
Huhhhhh
14%
Lemmon Pepper
14%
Life
14%
Lime
14%
Mistress
14%
Mosh Pit
14%
Portions
14%
Post Pic
14%
Reality, Pt. 4
14%
Search
14%
Sweet n Low
14%
Tarzan
14%
Toys "R" Us
14%
ABRACADABRA
11%
Author
11%
Bird Box
11%
Birth Mark
11%
Furniture
11%
Good PusS
11%
Grilling N*****s II
11%
Image
11%
Jesus
11%
Keep Hoes Alive
11%
Mickey
11%
Reality, Pt. 2
11%
Self Interview
11%
Yo Lost
11%
2 Minutes
8%
Darling
8%
Diss
8%
Double Homocide
8%
Exceptions
8%
Fullest
8%
Meet and Greet
8%
Navel
8%
Single While Taken
8%
Tit for Tat
8%
Total
8%
Wisdom Teeth
8%
Hot Pockets
5%
Iced Out Dick
5%
I Got It
5%
Interuption
3%
HDBG Shemix
0%
Lizzo Shemiz
0%
PTPOM (Shemix)
0%
No matching quizzes found
Score Distribution
Percent of People with Each Score
Percentile by Number Answered
Your Score History
You have not taken this quiz